| 000 | 00729nam a2200229Ia 4500 | ||
|---|---|---|---|
| 003 | OSt | ||
| 005 | 20220925210708.0 | ||
| 006 | a|||||r|||| 00| 0 | ||
| 007 | ta | ||
| 008 | 220923b |||||||| |||| 00| 0 eng d | ||
| 037 | _cGeneral Book | ||
| 040 |
_aRTL _cRTL _beng |
||
| 041 |
_2eng _aeng |
||
| 082 | _aX.44Q7.N80,--N70, M1 | ||
| 100 |
_aPakistan Institute of Development Economics _9272962 |
||
| 245 | 0 | _aState of pakistani economy 1970--71 to 1979--80 | |
| 260 |
_aIslamabad _bP I D E _c1981 |
||
| 300 |
_axiv,89p. _ccm. |
||
| 650 |
_aEconomic Condition Pakistan _9236266 |
||
| 942 |
_hX.44Q7.N80,--N70, M1 _cGB _2CC |
||
| 999 |
_c555778 _d555778 |
||